The illustrated dictionary of electronics / (Record no. 10378)
[ view plain ]
| 000 -LEADER | |
|---|---|
| fixed length control field | 01155cac a22003135a 4500 |
| 001 - CONTROL NUMBER | |
| control field | 2521536 |
| 005 - DATE AND TIME OF LATEST TRANSACTION | |
| control field | 20150810144124.0 |
| 008 - FIXED-LENGTH DATA ELEMENTS--GENERAL INFORMATION | |
| fixed length control field | 930106s1994 paua frd 000 0 eng d |
| 010 ## - LIBRARY OF CONGRESS CONTROL NUMBER | |
| LC control number | 93000041 |
| 020 ## - INTERNATIONAL STANDARD BOOK NUMBER | |
| International Standard Book Number | 0830643974 |
| 020 ## - INTERNATIONAL STANDARD BOOK NUMBER | |
| International Standard Book Number | 0830643966 (pbk.) : |
| 040 ## - CATALOGING SOURCE | |
| Original cataloging agency | EG-ScBUE |
| Language of cataloging | eng |
| Transcribing agency | EG-ScBUE |
| 050 00 - LIBRARY OF CONGRESS CALL NUMBER | |
| Classification number | TK7804 |
| Item number | .T87 1994 |
| 082 04 - DEWEY DECIMAL CLASSIFICATION NUMBER | |
| Classification number | 621.38103 |
| Edition number | 22 |
| Item number | GIB |
| 100 1# - MAIN ENTRY--PERSONAL NAME | |
| Personal name | Gibilisco, Stan. |
| 245 14 - TITLE STATEMENT | |
| Title | The illustrated dictionary of electronics / |
| Statement of responsibility, etc | Stan Gibilisco. |
| 250 ## - EDITION STATEMENT | |
| Edition statement | 6th ed. |
| 260 ## - PUBLICATION, DISTRIBUTION, ETC. (IMPRINT) | |
| Place of publication, distribution, etc | Blue Ridge Summit, Pennsylvania : |
| Name of publisher, distributor, etc | McGraw-Hill / Tab Books, |
| Date of publication, distribution, etc | c.1994. |
| 300 ## - PHYSICAL DESCRIPTION | |
| Extent | 760 p. : |
| Other physical details | ill., charts ; |
| Dimensions | 25 cm. |
| 500 ## - GENERAL NOTE | |
| General note | Rev. ed. of: The illustrated dictionary of electronics / Rufus P. Turner, Stan Gibilisco. 5th ed., c1991. |
| 590 ## - LOCAL NOTE (RLIN) | |
| Local note | yassmeen ashraf |
| 650 #0 - SUBJECT ADDED ENTRY--TOPICAL TERM | |
| Topical term or geographic name as entry element | Electronics |
| General subdivision | Dictionaries. |
| Source of heading or term | BUEsh |
| 651 ## - SUBJECT ADDED ENTRY--GEOGRAPHIC NAME | |
| Source of heading or term | BUEsh |
| 653 ## - INDEX TERM--UNCONTROLLED | |
| Resource For college | Engineering, Electrical |
| Arrived date list | August2015 |
| 655 ## - INDEX TERM--GENRE/FORM | |
| Form subdivision | |
| -- | 34232 |
| 700 1# - ADDED ENTRY--PERSONAL NAME | |
| Personal name | Turner, Rufus P. |
| Title of a work | Illustrated dictionary of electronics. |
| 942 ## - ADDED ENTRY ELEMENTS (KOHA) | |
| Source of classification or shelving scheme | Dewey Decimal Classification |
| Item type | Book - Borrowing |
| Withdrawn status | Item status | Source of classification or shelving scheme | Damaged status | Not for loan | Vendor | Home library | Current library | Shelving location | Date acquired | Source of acquisition | Cost, normal purchase price | Serial Enumeration / chronology | Total Checkouts | Full call number | Barcode | Date last seen | Koha item type |
|---|---|---|---|---|---|---|---|---|---|---|---|---|---|---|---|---|---|
| Dewey Decimal Classification | Alahram | Central Library | Central Library | First floor | 24/01/2009 | 136.40 | 6389 | 621.38103 GIB | 000015054 | 15/07/2025 | Book - Borrowing |